000 00853cam a22002291 4500
001 gs 14000473
003 DLC
005 20260227111315.0
008 860226s1914 dcuf f000 0 eng c
010 _ags 14000473
035 _a(OCoLC)13203037
040 _aU. S. Geol. Survey. Library
_cTxHR
_dDLC
042 _apremarc
050 0 0 _aQE75
_b.B9 no. 556
100 1 _aMarshall, R. B.
_q(Robert Bradford),
_d1867-1949.
245 1 0 _aResults of spirit leveling in Oregon, 1896 to 1913, inclusive,
_cR. B. Marshall, chief geographer; work done in cooperation with the state from 1905 to 1913, inclusive, John H. Lewis, state engineer.
260 _aWashington,
_bGovt. Print. Off.,
_c1914.
300 _a175 p.
_bpl.
_c24 cm.
490 0 _aU. S. Geological Survey. Bulletin
_v556
651 0 _aOregon
_xAltitudes.
710 1 _aOregon.
_bState Engineer.
999 _c25366
_d25366